000 01178nmm a2200349 a 4500
003 AR-X00000XY
005 20251128211911.0
008 067020s2002 ||||||||||||||000 | spa||
020 _a958-9239-06-4
040 _cAR-X00000XY
245 1 0 _aArte indígena, una mirada a las características y cultura material de algunos grupos étnicos de Colombia
260 _aBogotá
_bMuseo de Artes y Tradiciones Populares
_c2002
300 0 _a85 p.
_bil.
500 0 _aDonación de la Embajada de Colombia en Buenos Aires
500 0 _aIncluye glosario en p. 78-80
500 0 _aIncluye listado de fotos y mapas en p. 84-86
504 _aContiene bibliografía en p. 81-83
650 4 _aCULTURAS LATINOAMERICANAS
650 4 _aARTE LATINOAMERICANO
650 4 _aCOSTUMBRES Y TRADICIONES
650 4 _aGRUPOS ETNICOS
650 4 _aETNOGRAFIA
650 4 _aANTROPOLOGIA CULTURAL Y SOCIAL
650 4 _aABORIGENES SUDAMERICANOS
651 4 _aColombia
651 4 _aAmérica Latina
653 0 _aCULTURAS PRECOLOMBINAS
653 0 _aARTE PRECOLOMBINO
710 2 _aMuseo de Artes y Tradiciones Populares [Bogotá, Colombia]
942 _cBK
998 _cNancy
999 _c21545
_d21545